Reference manual for UGC examinations : (Record no. 137142)

MARC details
000 -LEADER
fixed length control field 00785nam a22002417a 4500
003 - CONTROL NUMBER IDENTIFIER
control field 0
005 - DATE AND TIME OF LATEST TRANSACTION
control field 20180705142415.0
008 - FIXED-LENGTH DATA ELEMENTS--GENERAL INFORMATION
fixed length control field 0
010 ## - LIBRARY OF CONGRESS CONTROL NUMBER
LC control number A-159828
020 ## - INTERNATIONAL STANDARD BOOK NUMBER
International Standard Book Number 8188583634
Terms of availability 775.00
035 ## - SYSTEM CONTROL NUMBER
System control number A-159828, B-159830
037 ## - SOURCE OF ACQUISITION
Source of stock number/acquisition Cen Lib / Ret
040 ## - CATALOGING SOURCE
Original cataloging agency DPL
Language of cataloging EN
Transcribing agency 0
082 ## - DEWEY DECIMAL CLASSIFICATION NUMBER
Classification number 630
Item number REF
245 ## - TITLE STATEMENT
Title Reference manual for UGC examinations :
Remainder of title NET, SLET, JRF and other UPSC competitive tests Agriculture
260 ## - PUBLICATION, DISTRIBUTION, ETC. (IMPRINT)
Place of publication, distribution, etc New Delhi
Name of publisher, distributor, etc Reference Press
Date of publication, distribution, etc 2004
270 ## - ADDRESS
Address 4831/24 Ansari Road Darya Ganj
City New Delhi
Postal code 110002
300 ## - PHYSICAL DESCRIPTION
Extent 437p
Other physical details 24cm(Hb)
650 ## - SUBJECT ADDED ENTRY--TOPICAL TERM
Topical term or geographic name as entry element Agriculture -- Examinations -- Study guides.
650 ## - SUBJECT ADDED ENTRY--TOPICAL TERM
Topical term or geographic name as entry element Agriculture-- Examinations, questions, etc.
650 ## - SUBJECT ADDED ENTRY--TOPICAL TERM
Topical term or geographic name as entry element Agriculture -- India -- Study guides.
942 ## - ADDED ENTRY ELEMENTS (KOHA)
Source of classification or shelving scheme Dewey Decimal Classification
Koha item type English Books
Classification part 630
Call number suffix REF
Holdings
Withdrawn status Lost status Damaged status Not for loan Home library Current library Date acquired Source of acquisition Cost, normal purchase price Total Checkouts Full call number Barcode Date last seen Copy number Cost, replacement price Price effective from Koha item type Source of classification or shelving scheme Collection code
        Central Library Central Library 19/03/2016 Cen Lib/Ret 775.00   630 REF B-159828 19/03/2016 1 775.00 19/03/2016 English Books    
        Central Library Central Library 19/03/2016 Cen Lib/Ret 775.00   630 REF B-159829 19/03/2016 2 775.00 19/03/2016 English Books    
        Patel Nagar Patel Nagar 05/07/2018 BPPD/Pub 775.00   630 REF B-159830 05/07/2018 1 775.00 05/07/2018 English Books Dewey Decimal Classification Non-fiction

© Delhi Public Library
Hit Counter
free hit counter